Ako stimulovať opeľovanie ďateliny lúčnej

Bibliographic Details
Main Author: Novotná, Hedviga (Author)
Format: Article
Language:Slovak

MARC

LEADER 00000nab a2200000ua 4500
001 vtls010786506
003 SK-MaSNL
005 20260303120238.0
008 230131s1973 xo |||||||||||||||||slo|
035 |a (urnnbn)urn:nbn:sk:snk:ar-a002xi 
035 |a (uuid)52b81954-79ae-4c9a-bafa-007d39afe514 
035 |a urn:nbn:sk:snk-ab4zsi 
040 |a SNKBUCL  |b slo  |c SNKBUCL  |e AACR2 
041 0 |a slo 
044 |a xo  |c SK 
100 1 |a Novotná, Hedviga  |4 aut  |9 1132680 
245 1 0 |a Ako stimulovať opeľovanie ďateliny lúčnej  |c Hedviga Novotná 
773 0 |t Včelár : odborný časopis Povereníctva poľnohospodárstva a lesného hospodárstva a Ústredia včelárskych združení na Slovensku  |g Roč. 47, č. 8 (1973), s. 175 
954 |a odborná, vedecká literatúra pôvodná (slovenská)  |2 lita 
958 |a OND 
958 |a EUIPO 
958 |a article3 
999 |c 1908387  |d 1910317